| 000 | 00505nam a2200181 a 4500 | ||
|---|---|---|---|
| 001 | 000042377 | ||
| 005 | 20201002040121.0 | ||
| 008 | 131127s1981 sp abc 000 0 spa d | ||
| 020 | _a8432035742 | ||
| 040 |
_aDO-SdBNP _bspa _cBNPHU |
||
| 082 |
_axxx _bM522a |
||
| 100 | 1 |
_aMelià, Josep, _969466 |
|
| 245 | 1 | 0 |
_aAsí cayó Adolfo Suárez / _cJosep Melià. |
| 260 |
_aEspaña : _bPlaneta, _c1981. |
||
| 300 |
_a187 p. : _bil., retrs. ; _c20 cm. |
||
| 490 | 1 |
_aDocumento _v39 |
|
| 830 | 0 |
_aDocumento _n39 _969467 |
|
| 999 |
_c41866 _d41866 |
||